| 000 | 01149pam a2200313 a 4500 | ||
|---|---|---|---|
| 001 | 3962800 | ||
| 003 | ARRUPE | ||
| 005 | 20150218121954.0 | ||
| 008 | 941128s1995 ilua b 001 0 eng | ||
| 010 | _a 94047940 | ||
| 020 | _a0812692888 | ||
| 020 | _a0812692896 (pbk.) | ||
| 040 |
_aDLC _cDLC _dDLC |
||
| 050 | 0 | 0 |
_aQ175.32.R42 _bA76 1995 |
| 082 | 0 | 0 |
_a507.2 _220 |
| 100 | 1 |
_aAronson, Jerrold L., _d1940- _915271 |
|
| 245 | 1 | 0 |
_aRealism rescued : _bhow scientific progress is possible / _cJerrold L. Aronson, Rom Harré, Eileen Cornell Way. |
| 260 |
_aChicago : _bOpen Court, _cc1995. |
||
| 300 |
_aviii, 213 p. : _bill. ; _c24 cm. |
||
| 504 | _aIncludes bibliographical references (p. [204]-208) and indexes. | ||
| 650 | 0 |
_aRealism. _911315 |
|
| 650 | 0 |
_aScience _xMethodology. _915272 |
|
| 650 | 0 |
_aResearch _xMethodology. _915273 |
|
| 700 | 1 |
_aHarré, Rom. _914104 |
|
| 700 | 1 |
_aWay, Eileen Cornell. _915274 |
|
| 906 |
_a7 _bcbc _corignew _d1 _eocip _f19 _gy-gencatlg |
||
| 942 |
_2lcc _cMONOGRAPH |
||
| 999 |
_c122093 _d122093 |
||